|
|
|
|
| LEADER |
00000nam a2200000 a 4500 |
| 001 |
vtls001145411 |
| 003 |
SK-MaSNL |
| 005 |
20260301002127.0 |
| 008 |
250414s1992 xr 0 cze |
| 035 |
|
|
|a SNK000088266
|
| 040 |
|
|
|a SNK
|b slo
|c SNK
|e AACR2
|
| 041 |
0 |
|
|a cze
|
| 044 |
|
|
|a xr
|c CZ
|
| 080 |
|
|
|a 341.222(437.7)"1919/1945"
|2 1981
|
| 100 |
1 |
|
|a Hořec, Jaromír,
|d 1921-2009
|4 aut
|9 263245
|
| 245 |
1 |
0 |
|a Nedělitelná svoboda. Podkarpatská Rus
|c Jaromír Hořec
|
| 260 |
|
|
|a Praha
|b Společnost přátel Podkarpatské Rusi
|c 1992
|e S.l.b.t.
|f b.t.
|
| 300 |
|
|
|a 22 s.
|c 21 cm
|
| 490 |
0 |
|
|a Podkarpatská Rus : Edice statí, reportáží, vzpomínek a dokumentů
|v sv. 1
|
| 852 |
|
|
|a Slovenská národná knižnica
|
| 954 |
|
|
|a Podkarpatská Rus
|a ČSR
|
| 999 |
|
|
|c 536619
|d 538549
|
| 952 |
|
|
|t P60, <03>, [BOOK], {603}
|a SNK
|b SNK
|y PREZ
|7 0
|p 17A0132624
|o snkSC 84094
|0 0
|1 0
|4 0
|d 1998-04-06
|l 0
|r 2025-08-22 00:00:00
|w 2026-02-23
|